Films de science-fiction par images - Statistiques

Statistiques générales
  • Ce quiz a été pris 273 fois
  • Le résultat moyen est 11 sur 18
Statistiques - réponses
Par images Réponse % Correct
Avatar
100%
Star Wars
100%
Matrix
95%
Retour vers le futur
94%
Hunger Games
92%
WALL-E
92%
Interstellar
88%
Alien: le huitième passager
85%
Le 5ème élément
64%
2001, l'Odyssée de l'espace
48%
Blade Runner
45%
La planète des singes
45%
Mars Attacks!
45%
Akira
40%
Metropolis
25%
Le Voyage dans la Lune
18%
La Jetée
9%
Solaris
4%
Aucun quiz correspondant
Distribution des résultats
% des personnes avec chaque résultat
Percentile par nombre de réponses
Votre historique - résultats
Vous n’avez pas pris ce quiz